Loading...
| Science - Other | 0 | 3 | 1 | 2 | 25 | 119 | 121.00 | 0 | 2 | -0.08 | 7.73 |
| History - American | 0 | 2 | 0 | 1 | 20 | 102 | 111.00 | 0 | 1 | 1.71 | 9.09 |
| History - World | 0 | 1 | 0 | 0 | 10 | 107 | 107.00 | 0 | 1 | 1.43 | 4.55 |
| Science - Physics | 0 | 1 | 0 | 1 | 10 | 118 | 118.00 | 0 | 0 | -0.16 | 1.82 |
| Fine Arts - Other | 0 | 1 | 0 | 0 | 10 | 120 | 120.00 | 0 | 1 | 1.19 | 1.82 |
| Literature - World | 0 | 1 | 0 | 0 | 10 | 144 | 144.00 | 0 | 1 | 0.12 | 5.45 |
| Mythology | 0 | 1 | 0 | 1 | 10 | 131 | 131.00 | 0 | 0 | 0.00 | 1.82 |
| Philosophy | 0 | 2 | 2 | 0 | 10 | 110 | 113.00 | 0 | 2 | 2.49 | 9.09 |
| Literature - European | 0 | 1 | 1 | 0 | 5 | 84 | 84.00 | 1 | 1 | 3.71 | 9.09 |
| Science - Biology | 0 | 1 | 1 | 0 | 5 | 102 | 102.00 | 0 | 0 | 1.90 | 3.64 |
| Fine Arts - Classical Music | 0 | 0 | 0 | 0 | 0 | 0.00 | 0 | 0 | 0.00 | 0.00 | |
| Literature - American | 0 | 0 | 1 | 0 | -5 | 0.00 | 0 | 0 | 0.00 | 0.00 |